[Event "Las Palmas"]
[Site "Las Palmas"]
[Date "1994.??.??"]
[Round "8"]
[White "Lautier, Joel"]
[Black "Adams, Michael"]
[Result "1-0"]
[WhiteElo "2625"]
[BlackElo "2660"]
[Annotator "Lautier,J"]
[PlyCount "47"]
[EventDate "1994.05.??"]
[EventType "tourn"]
[EventRounds "9"]
[EventCountry "ESP"]
[EventCategory "17"]
[SourceTitle "CBM 042"]
[Source "ChessBase"]
[SourceDate "1994.10.01"]
[SourceVersion "1"]
[SourceVersionDate "1994.10.01"]
[SourceQuality "1"]

1. d4 {Stohl} Nf6 2. c4 c5 3. Nf3 cxd4 4. Nxd4 e5 5. Nb5 d5 6. cxd5 Bc5 7. N5c3
O-O 8. e3 e4 9. Be2 Re8 (9... Bf5 {Stohl} 10. O-O (10. g4 $142 $5 $36) 10...
Qe7 11. Nd2 Rd8 12. Qb3 Nbd7 13. Nc4 Ne5 14. Rd1 Nxc4 15. Bxc4 Bd6 16. Ne2 Bd7
17. Ng3 h5 $36 {Petek,P-Velickovic,Z/Bled op/1994/}) (9... Qe7 $5 {Stohl} 10.
a3 Rd8 11. b4 Bb6 12. Bb2 Bf5 13. g4 Be6 14. Qc2 Bxg4 15. Bxg4 Nxg4 16. Nxe4
Nd7 17. Rg1 Nde5 18. Qe2 f5 $44 {Rotstein-Stranjakovitsch/Paris-ch/1992/}) (
9... Na6 $5 {Stohl /\Nc7}) 10. Nd2 Nbd7 (10... Bb4 $142 $5 {Stohl} 11. Qb3 Bxc3
12. bxc3 Qxd5 13. Qxd5 Nxd5 14. Bb2 Nc6 $10 {Perkovic-Barczay/Subotica/1981/})
11. Qc2 $1 Qe7 12. O-O a6 {/\ b5} (12... Nb6 $2 13. Ndxe4 Nxe4 14. Nxe4 Qxe4
15. Qxc5 $18) (12... Bb4 {Stohl} 13. Rd1 a6 14. a3 Bd6 (14... Bxc3 15. bxc3
Nxd5 16. Nxe4 $1 Nxe3 17. Bxe3 Qxe4 18. Qxe4 Rxe4 19. Bf3 $16) 15. Nc4 Bb8 16.
b4 (16. a4 $5 $16) 16... b5 17. Na5 Qe5 18. g3 Qg5 19. Nc6 Bd6 20. Bf1 Ne5 $132
{Heinig,W-Jaehnisch,F/2.BLN 9192/1992/}) 13. a4 $1 {>< c4} b6 14. Nc4 Bb7 15.
Rd1 Rad8 16. b3 Ne5 $2 (16... Nf8 17. d6 $1 Qe6 (17... Bxd6 $2 18. Rxd6 $1 Rxd6
19. Ba3 $18) 18. Ba3 Bxa3 19. Rxa3 Ng6 $14 (19... N8d7 {Stohl} 20. Rd4 $36))
17. Nxe4 Nxe4 $2 (17... Nxc4 $2 18. Nxf6+ Qxf6 19. bxc4 Qxa1 20. Bb2 Qa2 21.
Ra1 Qxa1+ 22. Bxa1 $18) (17... Nxd5 18. Nxc5 (18. Nxe5 $6 Qxe5 19. Nxc5 Nb4 $1
(19... Qxa1 20. Nxb7 Nb4 (20... Rc8 21. Qb2 $18) 21. Rxd8 Rxd8 22. Qc7 Rf8 23.
Bf1 $18 {/\ Bd2}) 20. Qb2 (20. Bb2 $2 Qg5 $1) 20... Rxd1+ 21. Bxd1 Qxc5 $132)
18... Qxc5 19. Bb2 $16 (19. Ba3 {Stohl} Qc6 $1 {/\Nf4,b5})) 18. Qxe4 Qg5 19. h4
$1 (19. f4 $2 Qg6 20. f5 (20. Qxg6 Nxg6 {>< d5, f4}) 20... Qf6 21. Bb2 Nxc4 22.
Bxf6 Rxe4 23. Bxd8 Nxe3 $132) 19... Qg6 (19... Qf6 20. Bb2 Nxc4 21. Bxf6 Rxe4
22. Bxd8 $18) 20. Qxg6 Nxg6 (20... hxg6 {Stohl} 21. Bb2 $18) 21. h5 Ne7 (21...
Nf4 22. exf4 $1 Rxe2 23. Be3 Rxd5 (23... Bxd5 24. Bxc5 bxc5 25. Ne3 $18 (25.
Nb6 $18 {Stohl})) (23... Kf8 24. Bxc5+ bxc5 25. Ne3 $18 {/\ Rac1}) (23... Bxe3
{Stohl} 24. Nxe3 $18) 24. Bxc5 bxc5 25. Na5 $1 Ba8 26. Rxd5 Bxd5 27. Rd1 $18)
22. d6 Nf5 23. d7 Re7 24. b4 (24. b4 Bxb4 25. Nxb6 Bc5 26. Ba3 $1 Bxb6 27. Bxe7
Nxe7 28. Rab1 $18 (28. Rab1 {Stohl} Nd5 29. Bf3 $18)) 1-0

[Event "Moscow Aeroflot op-A 9th"]
[Site "Moscow"]
[Date "2010.02.17"]
[Round "9"]
[White "Le, Quang Liem"]
[Black "Nepomniachtchi, Ian"]
[Result "1-0"]
[WhiteElo "2647"]
[BlackElo "2658"]
[Annotator "Le Quang Liem"]
[PlyCount "119"]
[EventDate "2010.02.09"]
[EventType "swiss"]
[EventRounds "9"]
[EventCountry "RUS"]
[SourceTitle "CBM 135"]
[Source "ChessBase"]
[SourceDate "2010.03.17"]
[SourceVersion "1"]
[SourceVersionDate "2010.03.17"]
[SourceQuality "1"]

1. Nf3 Nf6 2. c4 c5 3. Nc3 Nc6 4. d4 cxd4 5. Nxd4 Qb6 6. Nb3 e6 7. e4 Bb4 8.
Bd3 Ne5 ({Previously my opponent played} 8... d5 $2 {against Shimanov, but
after} 9. exd5 exd5 10. O-O {Black appeared to be slightly worse, though
finally Nepomniachtchi managed to win.}) 9. O-O Qd6 10. Bf4 $5 {I decided to
sacrifice a pawn here. In return for it, White has full control on the dark
squares and some possibilities of attacking Black's king.} Bxc3 {Black must
accept the challenge, otherwise White can build up a strong attack on the
kingside.} (10... O-O 11. Bxe5 Qxe5 12. f4 Qc7 13. e5 $36) 11. bxc3 Qxd3 12.
Bxe5 Qxc4 ({Opening the e-file with} 12... Qxe4 13. Re1 Qxc4 14. Nd4 {would be
too risky, since White has numerous threats.}) 13. Re1 b6 {Without the
black-squared bishop, short castling would be suicide. So Black tried to move
his king to the queenside, but the squares around his king are seriously
weakened anyway.} (13... O-O $2 14. Bxf6 gxf6 15. Qg4+ Kh8 16. Qh4 $18) 14. Qf3
Bb7 15. Nd4 (15. Bxf6 gxf6 16. Qxf6 Rg8 17. Nd4 Qxc3 (17... Qc5 18. Nf5 Rxg2+ (
18... Rg6 19. Qh8+ Qf8 20. Nd6+ Ke7 21. Qd4 $16) 19. Kxg2 Qxf5 $44) 18. Rac1
Qb2 19. Rb1 Qc3 20. Rbc1 $11) 15... O-O-O 16. a4 ({I did not want to give my
bishop for just a knight and a pawn, since the bishop is very important to
organize the attack on Black's king} 16. Bxf6 gxf6 17. Qxf6 Rhg8 $13) 16... Qc5
17. Bg3 $5 {Leaving the resource Qf4 in some lines.} (17. Bxf6 gxf6 18. Qxf6
Rhg8 {If Black manages to exchange my bishop or my queen, he does not have
anything to worry about. The white-squared bishop can be even stronger than
the knight.}) 17... e5 18. a5 $1 $36 {Opening the a-file.} Rhe8 {Black decided
to sacrifice the exchange, in order to reduce the pressure on his king.} (18...
b5 19. a6 Bc6 20. Nb3 Qd6 21. Na5 $16) (18... exd4 {is impossible because of}
19. cxd4 Qxd4 20. axb6 axb6 21. Rec1+ Bc6 22. Ra7 {with a mating attack.}) ({
Perhaps the best defence is} 18... d6 19. axb6 axb6 20. Nf5 {but White gets a
fantastic initiative after all.}) 19. axb6 axb6 20. Nf5 g6 21. Ng7 Nxe4 22.
Nxe8 Rxe8 23. Qxf7 Rf8 24. Qa2 Qc6 25. f3 Qc5+ 26. Bf2 Nxf2 27. Qxf2 Qxf2+ 28.
Kxf2 e4 29. Re3 {This endgame is clearly better for White, though it is not so
easy to win.} Kc7 30. Kg3 exf3 31. gxf3 Bd5 32. Ra4 Be6 33. Rh4 {In general,
White's plan is to force Black to play h5, and then he will attack the g6-pawn,
which will surely be protected by Bf5. White's king goes to g5 or h6, and at a
proper point White has to sacrifice the exchange back and try to push his
kingside pawns as fast as possible.} h5 34. Rf4 Ra8 35. h4 Ra5 (35... Ra1 {
deserves attention:} 36. Rf6 Rc1 37. Re5 Kc6 38. Kf4 Rxc3 39. Rxg6 b5) 36. Rf6
Bf5 37. Kf4 Rc5 38. Kg5 Bc2+ 39. Kh6 Rc4 40. f4 b5 (40... Bf5 41. Rxg6 Bxg6 42.
Kxg6 Rxf4 43. Kxh5 $16) 41. Re5 $1 Rc6 42. Rf7 (42. Rxc6+ dxc6 43. Rg5 Kd6 44.
Rxg6+ Bxg6 45. Kxg6 Ke7 46. Kg7 Ke6 $11) 42... Kb6 (42... Rxc3 43. Rxb5 Kc6 44.
Ra5 $16) 43. Rxd7 Rxc3 44. Rd8 $2 (44. Rdd5 $142 Rb3 45. Rd6+ Ka5 46. Rxg6 Bxg6
47. Kxg6 Ka4 48. f5 Rg3+ 49. Kxh5 Rf3 50. Kg6 Rg3+ (50... b4 51. f6 b3 52. Re2
$1 Ka3 53. f7 b2 54. Rxb2 Kxb2 55. h5 Rg3+ 56. Kh7 Rf3 57. Kg7 Rg3+ 58. Kf8 Rh3
59. h6 $18) 51. Kh6 Rf3 52. Kg7 Rg3+ 53. Kf8 b4 54. f6 b3 55. Re4+ $1 Ka5 56.
f7 b2 57. Re1 Ka4 58. h5 $18) 44... Ka5 45. Rb8 (45. Ra8+ {is interesting, but
during the game I thought it was unclear. After} Kb4 46. Rb8 Bd3 47. f5 gxf5 (
47... Bxf5 48. Rbxb5+ Kc4 49. Rxf5 gxf5 50. Rxf5 $18) 48. Kxh5 {White should
be winning.}) 45... Rb3 46. Rc8 Bb1 47. Rb8 Ka4 $2 48. Rb6 Rb4 49. Ra6+ Kb3 50.
Rxg6 Bxg6 51. Kxg6 Rxf4 $2 ({More stubborn is} 51... Ka4 52. Kg5 Rb1 53. f5
Rg1+ 54. Kxh5 Rf1 55. Kg6 {but White should win with perfect play (see notes
to move 44).}) 52. Rxb5+ Kc4 53. Rxh5 {The rest is easy. Black's king is cut
off from the 5th rank, so he is helpless.} Rg4+ 54. Kf5 Rg8 55. Rg5 Rh8 56. h5
Kd5 57. Kg6+ Ke6 58. Kg7 Re8 59. h6 Re7+ 60. Kg6 1-0

[Event "Tata Steel-B 74th"]
[Site "Wijk aan Zee"]
[Date "2012.01.29"]
[Round "13"]
[White "Ernst, Sipke"]
[Black "Bruzon Batista, Lazaro"]
[Result "0-1"]
[WhiteElo "2606"]
[BlackElo "2691"]
[Annotator "Let's Check Training"]
[PlyCount "48"]
[EventDate "2012.01.14"]
[EventType "tourn"]
[EventRounds "13"]
[EventCountry "NED"]
[EventCategory "15"]
[SourceTitle "CBM 147"]
[Source "ChessBase"]
[SourceDate "2012.03.16"]
[SourceVersion "1"]
[SourceVersionDate "2012.03.16"]
[SourceQuality "1"]

1. Nf3 c5 2. c4 Nc6 3. d4 cxd4 4. Nxd4 Nf6 5. g3 e5 6. Nb5 Bb4+ 7. Bd2 a6 8.
Bxb4 axb5 9. Bd6 Qa5+ 10. Nc3 b4 11. Nb5 b3+ 12. Nc3 Ne4 13. Qd3 Nxc3 14. bxc3
Nd4 15. Bg2 $1 (15. Bxe5 $2) 15... Nc2+ 16. Kd2 Nxa1 17. Rxa1 Ra6 18. c5 $2 (
18. a3 b2 19. Rb1 $11) {[%tqu "En","","","","a5a2","",10]} 18... Qxa2+ $1 $19
19. Rxa2 bxa2 20. Qe4 f6 21. Bxe5 fxe5 22. Qxe5+ Re6 23. Qxg7 Rf8 24. Bf3 Ref6
0-1

[Event "EU-ch 12th"]
[Site "Aix les Bains"]
[Date "2011.03.22"]
[Round "1"]
[White "Fejzullahu, Afrim"]
[Black "Feller, Sebastien"]
[Result "0-1"]
[WhiteElo "2341"]
[BlackElo "2657"]
[Annotator "Marchand,A/Primel,D"]
[PlyCount "157"]
[EventDate "2011.03.22"]
[EventType "swiss"]
[EventRounds "11"]
[EventCountry "FRA"]
[SourceTitle "CBM 142 Extra"]
[Source "ChessBase"]
[SourceDate "2011.06.27"]
[SourceVersion "1"]
[SourceVersionDate "2011.06.27"]
[SourceQuality "1"]
[TimeControl "40/5400+30:1800+30"]

1. e4 c5 2. Nf3 e6 3. d4 cxd4 4. Nxd4 a6 5. c4 Nf6 6. Nc3 d6 7. Be3 b6 {
La partie porte le code ECO d'une anglaise mais elle est issue d'une Kan} 8.
Be2 Bb7 9. f3 Be7 10. O-O O-O 11. Qd2 Nbd7 12. Rfd1 (12. a4 $142 {[%cal Ga4a5]}
Qc7 13. a5 bxa5 14. Nb3 $36 {Gustafsson,J (2611)-Balogh,C (2513) HUN-GER m
Budapest 2004 (5) 1-0}) 12... Rc8 (12... Re8 13. Bf1 Bf8 14. Rac1 Qc7 15. b4
Rac8 16. a3 Qb8 $1 {Gligoric} (16... Ne5 $143 17. Na4 (17. h3 Nxc4 $2 18. Bxc4
Qxc4 19. Nd5)) 17. Nb3 h6 18. Qf2 Bc6 19. h3 Be7 20. Rb1 $14 {[%cal Gd1c1,
Ga3a4] ;Polugaevsky,L (2635)-Ljubojevic,L (2590)/Bugojno 1980 (5)/ 1-0}) (12...
Qc7 {La grande ligne mais c'est probablement une simple interversion de coups})
13. Rac1 (13. Bf1 {Plus souple} Qc7 14. Rac1 (14. a4 $5 $146 {Une nouveauté
dans cet ordre de coups mais le thème est connu dans cette structure de P. Il
semble néanmoins plus logique de jouer ce plan au 12ème coup de manière а
garder en réserve l'hypothèse du coup Rfc1 au lieu de Rfd1} Rfe8 (14... Ne5 15.
b3) 15. a5 bxa5 16. Nb3 $14 {[%cal Gb3a5]}) 14... Rfe8) (13. Kh1 Qc7 14. Rac1
Qb8) 13... Qc7 14. Qe1 $6 {Perd un tempo} (14. Bf1 $142 {[%cal Gd2f2,Ge3b6]}
Qb8 15. Qf2 (15. a3 Rfe8 16. b4 Bd8 17. Kh1 (17. Nb3) 17... Bc7 18. Bg1 {
[%cal Gg1h2]} d5 $1 {[%csl Rc1][%cal Gc7f4] Le plan a4a5 laissant la R sur sa
case d'origine aurait également pour mérite d'éviter ce thème tactique!} 19.
cxd5 Bf4 20. Be3 Bxe3 21. Qxe3 exd5 $36 {[%cal Ge8e3];Sheremetieva,M (2285)
-Chiburdanidze,M (2505) Moscow ol (Women) 1994 (8) 0-1}) 15... Rfe8 16. Kh1 Bd8
{[%cal Gd8c7,Ge8e3,Gd6d5]}) 14... Qb8 15. Qf2 Rfe8 (15... Kh8 {[%cal Gf8g8,
Gg7g5,Gg5g4]}) 16. Bf1 (16. b3) (16. Nc2) 16... Bd8 {Le thème classique pour
venir faire pression sur la diagonale "b8h2"} 17. g3 {[%csl Gb7,Rf3] Ferme la
diagonale du futur Bc7 mais ...ouvre celle du Bb7!} ({RR} 17. Rc2 Bc7 18. g3
Bd8 19. b3 h6 20. g4 Ne5 21. h3 Ng6 22. Bc1 Nd7 23. Bg2 b5 24. cxb5 axb5 25.
Ndxb5 d5 26. Be3 Bh4 27. Qf1 Ba6 28. a4 Nf6 29. Rdc1 Nf4 30. Ba7 Qe5 31. Bd4
Qg5 {Azmaiparashvili,Z (2655)-Kasparov,G (2805)/London 1993/ EXT 2002/0-1 (39)}
) (17. Kh1 Bc7) 17... Bc7 18. b3 Ne5 (18... h5 $5) 19. h3 $6 $146 {[%csl Rg3]}
({RR} 19. Bh3 h6 20. a4 Rcd8 21. Bg2 d5 22. cxd5 exd5 23. Nxd5 Bxd5 24. exd5
Nxd5 25. Nf5 Nb4 26. Rxd8 Bxd8 27. Qd2 Nbd3 28. Rd1 Nc5 29. f4 Ng4 30. Bxc5
bxc5 31. Bd5 c4 32. Bxc4 Bb6+ 33. Kg2 Rd8 {Ji Dan (2342)-Li Shilong (2557)/
Xinghua Jiangsu 2009/CBM 131/0-1 (51)}) 19... Ba8 {[%cal Gb8b6,Gb6b5]} 20. a4
$2 {[%csl Rb4] Les Blancs commencent а accumuler les petits affaiblissements
et face а un fort GMI, c'est trés dangereux} (20. g4 {[%cal Gg4g5]} g6 (20...
h6 21. h4 {[%cal Gg4g5]}) 21. Bg2) 20... Ned7 $1 {[%csl Gc5]} 21. g4 (21. Nde2)
(21. Bg2 d5 {[%csl Rg3]}) 21... Nc5 22. Rb1 {Les Blancs devaient déjà avoir
regretté la poussée a2a4} d5 $1 {[%csl Gb8,Gc7,Rf4,Rg3] Le ressort se détend
et les Noirs sont déjà nettement mieux} 23. b4 Ncd7 24. g5 Nh5 $36 {[%csl Gf4,
Gg3]} 25. cxd5 exd5 26. Nf5 Bf4 {[%csl Rf1]} (26... Ng3 27. Nxd5 Nxf5 28. exf5
Bg3 $44 {[%csl Rf2,Rg1]}) 27. Nxd5 Bxd5 28. Rxd5 Ne5 29. Rbd1 Rc3 $1 {[%csl
Re3]} 30. Bg2 (30. Rxe5 $5 {Peut-être un moindre mal mais la position Blanche
ne parait pas trés saine} Bxe5 (30... Qxe5 31. Bd4) 31. Rd7) 30... Bxe3 $132 {
[%csl Rg2]} 31. Nxe3 Nf4 {[%csl Gf4]} 32. Bf1 (32. b5 $5 Nxd5 33. Nxd5) 32...
Nxd5 33. Rxd5 Ng6 34. Nf5 {[%cal Gf2d4,Gd4c3,Gd4g7]} Ne7 (34... Qc7) 35. Qd4 (
35. Nxe7+ Rxe7 36. Bxa6 Qc7 $17) 35... Nxf5 36. Qxc3 Qg3+ {Exploitant а
nouveau les affaiblissements des cases noires} 37. Kh1 Nh4 38. Rd3 Qf2 39. Qc1
Nxf3 40. Bg2 Nh4 41. Qf1 Qb2 42. Rd7 {Premier coup actif des Blancs!} Rf8 43.
b5 axb5 44. axb5 Nxg2 {Une bonne décision pratique des Noirs qui vont
valoriser le P passé "b"} 45. Qxg2 Qxb5 {Il n'y a qu'un P de plus mais la
structure Blanche est en lambeaux et le K Blanc dans les courants d'air.} 46.
Qd2 Qb1+ 47. Kh2 Qxe4 48. Qd6 Qe2+ 49. Kg3 Qe3+ 50. Kg4 $2 f5+ $1 51. gxf6 Qe4+
52. Kg3 Qg6+ 53. Kh4 Qxf6+ $1 {[%cal Gf6h4,Gf6d6] Une belle réalisation
technique des Blancs} 54. Qxf6 Rxf6 55. Kg5 h6+ 56. Kh5 Rf5+ 57. Kg4 (57. Kg6
Rg5#) 57... Rf7 58. Rd8+ Rf8 59. Rd5 Rb8 {[%csl Gb6][%cal Gb6b1]} 60. Rb5 Kf7
61. h4 g6 62. h5 gxh5+ 63. Rxh5 Rg8+ $1 (63... b5 $2 64. Rxh6 b4 65. Kf3 b3 66.
Rh1 b2 67. Rb1 {[%csl Rf7]}) 64. Kf4 Rg6 65. Ke4 Rd6 {[%cal Gf7g6]} 66. Rb5 (
66. Ke5 Ke7 (66... Kg6 67. Rxh6+)) 66... Ke7 67. Rb1 Kd7 68. Ke5 Rc6 69. Kd4
Kc7 {Le K Blanc reste coupé et le second va filer а la promotion} 70. Rb5 Kb7
71. Rb1 h5 72. Rg1 Rh6 $19 73. Rh1 h4 74. Rh3 Rh5 75. Kc4 b5+ 76. Kb4 Kb6 77.
Kc3 Kc5 78. Kb3 Kd4 79. Rh1 0-1

[Event "Astrakhan FIDE GP"]
[Site "Astrakhan"]
[Date "2010.05.24"]
[Round "13"]
[White "Leko, Peter"]
[Black "Gashimov, Vugar"]
[Result "1-0"]
[WhiteElo "2735"]
[BlackElo "2734"]
[Annotator "Marin,M"]
[PlyCount "157"]
[EventDate "2010.05.10"]
[EventType "tourn"]
[EventRounds "13"]
[EventCountry "RUS"]
[EventCategory "20"]
[SourceTitle "CBM 137"]
[Source "ChessBase"]
[SourceDate "2010.07.15"]
[SourceVersion "1"]
[SourceVersionDate "2010.07.15"]
[SourceQuality "1"]

1. d4 Nf6 2. c4 c5 3. Nf3 cxd4 4. Nxd4 Nc6 5. g3 d6 (5... e6 {is more topical,
but, being a Benoni expert, Gashimov likes to carry out his counterattack on
dark squares.}) 6. Bg2 Bd7 7. Nc3 g6 8. O-O Bg7 9. Nc2 (9. Nxc6 {used to be a
favourite of Kasparov:} Bxc6 (9... bxc6 {Tsesarsky,I (2458)-Zoler,D (2525)/
Rishon Le Ziyyon 2000/CBM 076/[Tsesarsky] (1-0, 57)}) 10. e4 O-O 11. Be3 a6 (
11... a5 12. Rc1 a4 13. Qe2 Qa5 14. Rfd1 Rfc8 15. c5 $1 Ne8 16. cxd6 Nxd6 17.
Nd5 $14 {Kasparov,G (2780)-Ivanchuk,V (2720)/Manila 1992/TD (1-0, 45)}) 12. Rc1
Nd7 13. Qe2 b5 14. b4 Ne5 15. cxb5 axb5 16. Nxb5 Bxb5 17. Qxb5 Qb8 18. a4 Qxb5
19. axb5 Rfb8 20. b6 Ng4 21. b7 $1 {1-0 Kasparov,G (2831)-Carlsen,M (2484)/
Reykjavik 2004/CBM 099 ext}) 9... Ng4 $5 $146 {[%csl Gc4][%cal Gg7c3] An early
attempt to generate counterplay against the enemy kingside. The immediate
threat is ...Bxc3, spoiling White's structure.} ({The solid continuation is} 
9... O-O {Kortschnoj,V (2665)-Beliavsky,A (2500)/Moscow 1975/MCL/[Gagarin] 
(0-1, 58)}) ({Another way to start active kingside operations is} 9... h5 {
Dautov,R (2595)-Kalinitschew,S (2478)/Germany 2006/CBM 112/[Stohl] (1/2, 51)})
10. Bd2 h5 11. h3 Nge5 12. b3 Qc8 13. Kh2 f5 $5 {[%csl Gg5] Black burns all
his bridges and puts all his money on the attacking card.} (13... h4 {does not
seem too effective:} 14. g4 Bxg4 (14... f5 15. g5 $14 {[%cal Gf2f4,Gc3d5]}) 15.
hxg4 Nxg4+ 16. Kh1 Qf5 17. f4 $16) (13... g5 $5 {is a positional alternative:}
14. Rc1 g4 15. h4 Bf5 16. Ne3 Bg6 17. Ned5 Qd7 {White retains his space
advantage, but Black has almost blocked the kingside and has stable squares
for his pieces.}) 14. h4 (14. Rc1 h4 $40) 14... g5 $3 {The only consequent
continuation. Otherwise, Black would have weakened his structure for nothing.}
15. hxg5 (15. Bxg5 $2 Ng4+ 16. Kg1 Bxc3 $19) 15... h4 16. f3 $1 {This "ugly"
move, obstructing his own g2-bishop, is the most solid defence. White avoids ..
.Ng4+ in order to be able to maintain the tension.} (16. gxh4 $6 Rxh4+ 17. Kg1
f4 $40) 16... Kf7 $3 {The start of a long term regrouping. Black is not
interested in releasing the tension either. Using the engines in this position
can be misleading. Here are two attempts to force matters suggested by them,
which do not seem entirely satisfactory:} (16... hxg3+ 17. Kxg3 f4+ $5 18. Bxf4
(18. Kf2 Bh3 19. Rg1 Ng6) 18... Nxc4 (18... Ng6 19. Bd2) 19. bxc4 Bxc3 20. Rb1
{White is well developed and retains the extra pawn, while his king is not in
too big danger.}) (16... Ng6 17. f4 (17. Rh1 hxg3+ 18. Kxg3 f4+ 19. Kf2 Nd4 $36
) (17. e3 Nce5 18. Ne2 Qc7 $5 $40) (17. gxh4 f4 $40) 17... Nce5 $5 18. Ne3 $1 (
18. fxe5 Bxe5 19. Rh1 hxg3+ 20. Kg1 Nh4 $44) 18... Ng4+ 19. Nxg4 fxg4 20. Qc2
hxg3+ 21. Kxg3 Nh4 22. e4 Nxg2 23. Kxg2 Qc5 24. Rae1 $14 {Again, White has
excellent centralisation, while Black's attack does not look too dangerous.})
17. Rh1 Rh5 18. Nd5 Qh8 19. Rc1 Rg8 {Black has completed the first phase of
the planned regrouping. He has strong pressure along the h-file, while the
indirect control of the g-file and the long diagonal can offer tactical
possibilities. I believe it is fair enough to evaluate that the pawn sacrifice
has been entirely justified.} 20. Qf1 $6 {This allows a nice tactical trick,
but other moves do not seem to offer White an easy life, either.} (20. gxh4 Ng6
21. Kg1 Nxh4 $44 {[%cal Gg7d4]}) (20. Be3 Bf6 $1 21. Kg1 Bxg5 22. f4 h3 23.
fxg5 (23. Bf1 $2 Bh4 $1 $19) 23... hxg2 24. Kxg2 Ng4 $36) 20... Ke8 $6 ({
Missing} 20... Bf6 $3 21. Nxf6 (21. gxf6 hxg3+ 22. Kg1 Rxh1+ 23. Bxh1 Qh2#)
21... exf6 $40) 21. gxh4 Ng6 22. f4 $6 {Since there was no threat of ...f4 yet,
this is just wasting time.} (22. Qf2 $6 e6 23. Nc7+ Kd8 24. Nb5 a6 $1 25. Nba3
(25. Nxd6 $2 Be5+) 25... Nxh4 $44) ({Removing the king from the dangerous
diagonal looks like the best chance for repelling the attack.} 22. Kg1 $5 Nxh4
(22... e6 23. Nc7+ Kd8 24. Nb5 {[%csl Gd6]}) 23. Qf2 e6 24. Nc7+ Ke7 25. c5
$132) 22... e6 23. Nc7+ {Playing with fire.} (23. Ndb4 Bc3 $5 {Black activates
his queen and weakens the dark squares in the enemy camp.} 24. Bxc3 Qxc3 25.
Nd3 Nxh4 26. Kg1 Rgh8 $44) 23... Ke7 24. Kg3 $2 {Not sensing the danger.} ({
He should have looked for counterplay with} 24. c5 $5 {although Black has a
promising position after} Rxh4+ 25. Kg1 Bd4+ $132) 24... a6 {Caging the knight.
Black could have proceeded with his attack, too.} (24... Rc8 25. Nb5 a6 26.
Nba3 Rxh4 $36) (24... Rxh4 $36 {In both cases, the king is too exposed.}) 25.
Rh3 $6 (25. Nb4 $5) 25... Rxh4 26. Qh1 Rxh3+ 27. Qxh3 Qxh3+ 28. Bxh3 Kd8 $2 {
An inexplicable blunder. Did he miss that the knight can escape via a8-b6?} (
28... Rc8 $1 $17 {would have won a piece without sufficient white compensation.
}) 29. Na8 $16 {White is a pawn up and has a space advantage, too. The game is
basically over.} Rh8 30. Nb6 Be8 31. e3 Kc7 32. Na4 Bd7 33. Bg2 Nh4 34. Bh1 Ng6
35. Nc3 Nce7 36. Nb4 a5 37. Nd3 Bc6 38. Nf2 Kd7 39. Na4 e5 40. Bxc6+ Nxc6 41.
Rh1 Rg8 42. Nb6+ Ke6 43. Nd5 Nce7 44. Nc7+ Kd7 45. Nb5 Nc6 46. Rd1 Ke6 47. Bc1
Rd8 48. Ba3 Bf8 49. Nd3 Be7 50. Nb2 Rh8 51. Bxd6 Rh4 52. Nd3 Bxd6 53. Nxd6 Rg4+
54. Kf2 b6 55. fxe5 Ncxe5 56. Nb5 Rxg5 57. Nxe5 Kxe5 58. Rd5+ Kf6 59. Nd4 f4
60. Rd6+ Kf7 61. Rxb6 fxe3+ 62. Kxe3 Rg3+ 63. Kf2 Rd3 64. Nf3 Rc3 65. a4 Kg7
66. Rb5 Nf4 67. Nd2 Ne6 68. Rxa5 Nd4 69. Ra7+ Kg6 70. Rb7 Kf5 71. a5 Rd3 72.
Ke1 Re3+ 73. Kd1 Rh3 74. Kc1 Rc3+ 75. Kb1 Rd3 76. a6 Rxd2 77. a7 Rd1+ 78. Kb2
Rd2+ 79. Kc3 1-0